| 000 | 00607nam a2200229Ia 4500 | ||
|---|---|---|---|
| 003 | BUBTL | ||
| 008 | 151213s9999 xx 000 0 und d | ||
| 020 | _a0415227348 | ||
| 082 | _a822.33/ Sh152o/ 2002 | ||
| 100 |
_aShakespeare, William _91992 |
||
| 245 |
_aOthello : _cWilliam Shakespeare |
||
| 250 | _a1st Edn | ||
| 260 |
_aLondon _bRoutledge _cc2002 |
||
| 300 |
_a[xiii],180p. : _b21 cm |
||
| 500 | _aIncludes Index | ||
| 650 | _aEnglish Literature | ||
| 650 | _a | ||
| 700 |
_aWilliam Shakespeare _94875 |
||
| 856 |
_k0 _l0 _yDownload |
||
| 942 |
_2ddc _cBK |
||
| 999 |
_c1603 _d1603 |
||